Working with UNIX / (Record no. 62115)

000 -LEADER
fixed length control field 00626nam a22001937a 4500
003 - CONTROL NUMBER IDENTIFIER
control field NUST-PNEC
005 - DATE AND TIME OF LATEST TRANSACTION
control field 20170116180739.0
008 - FIXED-LENGTH DATA ELEMENTS--GENERAL INFORMATION
fixed length control field 141211b xxu||||| |||| 00| 0 eng d
020 ## - INTERNATIONAL STANDARD BOOK NUMBER
International Standard Book Number 8170293367
040 ## - CATALOGING SOURCE
Transcribing agency PNEC
082 ## - DEWEY DECIMAL CLASSIFICATION NUMBER
Classification number 005.432 THA
100 ## - MAIN ENTRY--PERSONAL NAME
9 (RLIN) 1095
Personal name Thakker, Kaushal
245 ## - TITLE STATEMENT
Title Working with UNIX /
Statement of responsibility, etc. Kaushal Thakker
260 ## - PUBLICATION, DISTRIBUTION, ETC.
Place of publication, distribution, etc. New Delhi :
Name of publisher, distributor, etc. BPB Publications,
Date of publication, distribution, etc. c1993.
300 ## - PHYSICAL DESCRIPTION
Extent 431p. :
Other physical details ill. ;
Dimensions 22 cm.
650 ## - SUBJECT ADDED ENTRY--TOPICAL TERM
General subdivision Computer, MIS
856 ## - ELECTRONIC LOCATION AND ACCESS
Uniform Resource Identifier <a href="http://www.amazon.com/Working-UNIX-Kaushal-Thakkar/dp/8170293367/ref=sr_1_1?s=books&ie=UTF8&qid=1418241508&sr=1-1&keywords=8170293367">http://www.amazon.com/Working-UNIX-Kaushal-Thakkar/dp/8170293367/ref=sr_1_1?s=books&ie=UTF8&qid=1418241508&sr=1-1&keywords=8170293367</a>
942 ## - ADDED ENTRY ELEMENTS (KOHA)
Source of classification or shelving scheme
Koha item type Book
Holdings
Withdrawn status Lost status Source of classification or shelving scheme Damaged status Not for loan Permanent Location Current Location Shelving location Date acquired Source of acquisition Cost, normal purchase price Total Checkouts Full call number Barcode Date last seen Cost, replacement price Price effective from Koha item type
          Pakistan Navy Engineering College (PNEC) Pakistan Navy Engineering College (PNEC)   01/01/1999 - 258.00   005.432 THA PNECLIB-020488 12/11/2014 258.00 01/01/1999 Book
© 2023 Central Library, National University of Sciences and Technology. All Rights Reserved.